|
|
|
|
| LEADER |
00597nem a22001812a 4500 |
| 001 |
000538176 |
| 003 |
CZ BrMZK |
| 005 |
20000105143423.0 |
| 008 |
000105s1952 xo f slo d |
| 040 |
|
|
|a BOA001
|b cze
|
| 100 |
1 |
|
|a Ponec, Jozef,
|d 1918-2006
|7 ola2002109774
|
| 245 |
1 |
0 |
|a Politická mapa SSSR
|h [kartografický dokument] /
|c Jozef Ponec.
|
| 255 |
|
|
|a Mier. 1:20 000 000
|
| 260 |
|
|
|a Bratislava :
|b Práca,
|c 1952
|
| 300 |
|
|
|a 1 list ;
|c 50 x 39 cm
|
| 910 |
|
|
|a BOA001
|b Mp4-0295.630
|
| 990 |
|
|
|a MP
|
| 996 |
6 |
|
|b 2619733216
|c Mp4-0295.630
|l MZK
|r Sklad / do 1 hodiny
|n 2
|w 000538176
|u 000010
|a 1
|e BOA001
|j MZK50
|s P
|